[Event "St Petersburg Korchnoi Memorial op"]
[Site "St Petersburg"]
[Date "2019.08.17"]
[Round "4"]
[White "Yangutov, Aleksey"]
[Black "Savenkov, Konstantin"]
[Result "1-0"]
[WhiteElo "2157"]
[BlackElo "2375"]
[PlyCount "103"]
[EventDate "2019.08.14"]
[EventType "swiss"]
[EventRounds "9"]
[EventCountry "RUS"]
[SourceTitle "CBM 192"]
[Source "ChessBase"]
[SourceDate "2019.10.31"]
[SourceVersion "1"]
[SourceVersionDate "2019.10.31"]
[SourceQuality "1"]

1. d4 e6 2. c4 f5 3. g3 Nf6 4. Bg2 d5 5. Nf3 c6 6. 0-0 Bd6 7. b3 Qe7 8. Nbd2 0-0 9. Bb2 b6 10. Ne5 Bb7 11. Ndf3 a5 12. Qc2 Na6 13. a3 Rac8 14. e3 c5 15. Qe2 Nb8 16. dxc5 Bxc5 17. Nd4 Rfe8 18. Nb5 Ne4 19. Rfd1 dxc4 20. Nxc4 Red8 21. Rxd8+ Rxd8 22. Rd1 Rxd1+ 23. Qxd1 Bc6 24. Nd4 Bb7 25. Nxe6 Nd7 26. Nxc5 Ndxc5 27. Nxb6 Qc7 28. Nc4 h6 29. Be5 Qe7 30. Bd4 Ne6 31. Nxa5 Ba8 32. b4 f4 33. Qc2 f3 34. Bf1 Qd7 35. h4 Bd5 36. Bc4 Kh8 37. Bxd5 Qxd5 38. Nc6 Nd6 39. Ne5 Nxd4 40. exd4 Qxd4 41. Nxf3 Qa1+ 42. Kg2 Qxa3 43. Qc5 Qd3 44. Qd4 Qa6 45. Qd5 Nc4 46. Nd4 Nd2 47. Nb5 Qa4 48. Qd8+ Kh7 49. Qxd2 Qxb5 50. Qc2+ Kh8 51. Qc5 Qb7+ 52. Kh2 1-0

[Event "St Petersburg Korchnoi Memorial op"]
[Site "St Petersburg"]
[Date "2019.08.15"]
[Round "2"]
[White "Yangutov, Aleksey"]
[Black "Savitskiy, Sergey"]
[Result "1/2-1/2"]
[WhiteElo "2157"]
[BlackElo "2418"]
[PlyCount "74"]
[EventDate "2019.08.14"]
[EventType "swiss"]
[EventRounds "9"]
[EventCountry "RUS"]
[SourceTitle "CBM 192"]
[Source "ChessBase"]
[SourceDate "2019.10.31"]
[SourceVersion "1"]
[SourceVersionDate "2019.10.31"]
[SourceQuality "1"]

1. d4 d5 2. c4 dxc4 3. Nf3 a6 4. a4 Nc6 5. e3 Bg4 6. Bxc4 e6 7. 0-0 Nf6 8. Nc3 Bd6 9. Re1 0-0 10. h3 Bh5 11. Be2 Qe7 12. e4 Bxf3 13. Bxf3 Rad8 14. Nd5 exd5 15. exd5 Ne5 16. dxe5 Bxe5 17. Bf4 Nd7 18. Qc2 Qd6 19. Bd2 Nf6 20. Rad1 Rfe8 21. Be3 b6 22. Qd2 a5 23. b3 h6 24. g3 Qf8 25. Qc2 Nd7 26. h4 Bd6 27. h5 Nc5 28. Bd4 Rxe1+ 29. Rxe1 Re8 30. Rxe8 Qxe8 31. Qc3 Bf8 32. Kg2 Qd7 33. Be5 f6 34. Bd4 f5 35. Qe3 Bd6 36. Bxc5 Bxc5 37. Qe2 Qe7 1/2-1/2

[Event "St Petersburg Korchnoi Memorial op"]
[Site "St Petersburg"]
[Date "2019.08.14"]
[Round "1"]
[White "Laukhina, Margarita A"]
[Black "Yangutov, Aleksey"]
[Result "0-1"]
[WhiteElo "1607"]
[BlackElo "2157"]
[PlyCount "88"]
[EventDate "2019.08.14"]
[EventType "swiss"]
[EventRounds "9"]
[EventCountry "RUS"]
[SourceTitle "CBM 192"]
[Source "ChessBase"]
[SourceDate "2019.10.31"]
[SourceVersion "1"]
[SourceVersionDate "2019.10.31"]
[SourceQuality "1"]

1. Nf3 Nf6 2. g3 d5 3. Bg2 e6 4. 0-0 Be7 5. d3 0-0 6. c4 d4 7. b3 Nc6 8. Na3 e5 9. Nc2 a5 10. Rb1 Bc5 11. a3 e4 12. Ng5 exd3 13. exd3 Bg4 14. Qd2 Re8 15. Re1 Rxe1+ 16. Qxe1 Qd7 17. f3 Re8 18. Qd2 Bf5 19. b4 axb4 20. axb4 Bf8 21. Bb2 Ne5 22. Ne4 Bxe4 23. fxe4 c5 24. Ba3 b6 25. bxc5 bxc5 26. Rb5 Rc8 27. Ne1 Qg4 28. Kf2 h5 29. h3 Qg6 30. Qf4 Nfd7 31. Bc1 Ra8 32. Qf5 Ra2+ 33. Rb2 Rxb2+ 34. Bxb2 Qb6 35. Bc1 Qb1 36. Qf4 Nxd3+ 37. Nxd3 Qxd3 38. Bf1 Qc2+ 39. Qd2 Qxe4 40. Bd3 Qh1 41. h4 Nf6 42. Qf4 Ng4+ 43. Ke2 Qg2+ 44. Kd1 Nf2+ 0-1

[Event "Eurasia Cup op"]
[Site "Ekaterinburg"]
[Date "2019.08.09"]
[Round "9"]
[White "Yangutov, Aleksey"]
[Black "Inozemtsev, Sergei"]
[Result "1-0"]
[WhiteElo "2157"]
[BlackElo "2295"]
[PlyCount "111"]
[EventDate "2019.07.31"]
[EventType "swiss"]
[EventRounds "9"]
[EventCountry "RUS"]
[SourceTitle "CBM 191 Extra"]
[Source "ChessBase"]
[SourceDate "2019.09.30"]
[SourceVersion "1"]
[SourceVersionDate "2019.09.30"]
[SourceQuality "1"]

1. d4 e6 2. c4 Nf6 3. g3 d5 4. Nf3 Bb4+ 5. Bd2 Be7 6. Bg2 0-0 7. 0-0 a6 8. Qc2 Nbd7 9. Bf4 c6 10. Nc3 b5 11. b3 Bb7 12. Rfd1 Qa5 13. a3 Rfc8 14. c5 Qd8 15. b4 a5 16. Rab1 axb4 17. axb4 Ra6 18. h3 Rca8 19. g4 Nf8 20. Bg3 Bc8 21. Nd2 Bd7 22. e4 dxe4 23. Ndxe4 Nd5 24. Nd6 Be8 25. Re1 Ng6 26. Nxd5 exd5 27. Qf5 Nh8 28. Nb7 g6 29. Nxd8 gxf5 30. Rxe7 Rxd8 31. Rbe1 Raa8 32. gxf5 Bd7 33. h4 Bxf5 34. h5 f6 35. Bh4 Rf8 36. Rc7 Rac8 37. Rxc6 Kg7 38. Re7+ Kh6 39. Rxf6+ Rxf6 40. Bxf6 Kxh5 41. Bxh8 Rxh8 42. Bxd5 Rd8 43. Bf3+ Kg5 44. d5 Kf4 45. Bg2 Rg8 46. Kh2 Ra8 47. d6 Ra2 48. d7 Rd2 49. c6 Bxd7 50. Rxd7 Rc2 51. c7 Ke5 52. Bb7 Rxf2+ 53. Kg3 Rc2 54. Rd5+ Ke6 55. Rc5 Rxc5 56. bxc5 1-0

[Event "Voronezh op-A 23rd"]
[Site "Voronezh"]
[Date "2019.06.21"]
[Round "9"]
[White "Makoveev, Ilya"]
[Black "Yangutov, Aleksey"]
[Result "1-0"]
[WhiteElo "2304"]
[BlackElo "2049"]
[PlyCount "61"]
[EventDate "2019.06.12"]
[EventType "swiss"]
[EventRounds "9"]
[EventCountry "RUS"]
[SourceTitle "EXT 2020"]
[Source "ChessBase"]
[SourceDate "2019.10.17"]
[SourceVersion "1"]
[SourceVersionDate "2019.10.17"]
[SourceQuality "1"]

1. e4 c5 2. Nf3 Nc6 3. d4 cxd4 4. Nxd4 Nf6 5. Nc3 e5 6. Ndb5 d6 7. Nd5 Nxd5 8. exd5 Nb8 9. a4 Be7 10. Be2 0-0 11. 0-0 Nd7 12. Bd2 f5 13. a5 Nf6 14. c4 f4 15. f3 Bf5 16. Be1 g5 17. Bd3 Bd7 18. c5 Bxb5 19. Bxb5 dxc5 20. a6 b6 21. Bc3 Bd6 22. Re1 Qc7 23. Qd3 e4 24. fxe4 Ng4 25. e5 Nxe5 26. Rxe5 Bxe5 27. d6 Qxd6 28. Bc4+ Rf7 29. Bxf7+ Kxf7 30. Qf5+ Bf6 31. Bxf6 1-0

[Event "Voronezh op-A 23rd"]
[Site "Voronezh"]
[Date "2019.06.12"]
[Round "1"]
[White "Provotorov, Ivan"]
[Black "Yangutov, Aleksey"]
[Result "0-1"]
[WhiteElo "2342"]
[BlackElo "2049"]
[PlyCount "98"]
[EventDate "2019.06.12"]
[EventType "swiss"]
[EventRounds "9"]
[EventCountry "RUS"]
[SourceTitle "EXT 2020"]
[Source "ChessBase"]
[SourceDate "2019.10.17"]
[SourceVersion "1"]
[SourceVersionDate "2019.10.17"]
[SourceQuality "1"]

1. c4 Nf6 2. Nc3 e6 3. e4 d6 4. d4 Nbd7 5. Bg5 Be7 6. Nf3 e5 7. Be2 0-0 8. 0-0 a5 9. Qc2 c6 10. a3 exd4 11. Nxd4 Nc5 12. Bf4 a4 13. Rad1 Qb6 14. h3 Re8 15. Rfe1 Bf8 16. Bf1 Qc7 17. Kh1 Nfd7 18. Bg3 g6 19. Qd2 b6 20. Nc2 Ne5 21. f4 Ned7 22. Bh2 Nb3 23. Qf2 Bg7 24. e5 dxe5 25. Ne4 f5 26. Nd6 Re6 27. fxe5 Nxe5 28. c5 Nxc5 29. Bxe5 Rxe5 30. Bc4+ Be6 31. Rxe5 Bxe5 32. Bxe6+ Nxe6 33. Qe3 Ra5 34. Nb4 Nf8 35. Ne8 Qc8 36. Qxb6 Rb5 37. Rd8 Rxb6 38. Rxc8 Bxb2 39. Nxc6 Bxa3 40. Nf6+ Kf7 41. Nd5 Rb1+ 42. Kh2 Bd6+ 43. g3 a3 44. Nd8+ Kg7 45. Ra8 Bc5 46. Rc8 Rb2+ 47. Kh1 Bb6 48. Nxb6 a2 49. Rc7+ Kg8 0-1

[Event "Nezhmetdinov Memorial rapid 41st"]
[Site "Kazan"]
[Date "2019.05.29"]
[Round "1"]
[White "Chigaev, Maksim"]
[Black "Yangutov, Aleksey"]
[Result "1-0"]
[WhiteElo "2637"]
[BlackElo "2049"]
[PlyCount "57"]
[EventDate "2019.05.29"]
[EventType "swiss (rapid)"]
[EventRounds "11"]
[EventCountry "RUS"]
[SourceTitle "CBM 190 Extra"]
[Source "ChessBase"]
[SourceDate "2019.07.15"]
[SourceVersion "1"]
[SourceVersionDate "2019.07.15"]
[SourceQuality "1"]

1. e4 c5 2. Nf3 Nc6 3. Bb5 g6 4. Bxc6 dxc6 5. d3 Bg7 6. h3 Nf6 7. Nc3 Nd7 8. Be3 b6 9. Qd2 h6 10. 0-0 e5 11. Nh2 Nf8 12. f4 exf4 13. Bxf4 g5 14. Bg3 Be6 15. e5 Ng6 16. Rae1 Qc7 17. Ne4 0-0-0 18. Nd6+ Kb8 19. Nxf7 Bxf7 20. Rxf7 Qxf7 21. e6+ Qf4 22. Bxf4+ Nxf4 23. e7 Rde8 24. g3 Nd5 25. c3 Rxe7 26. Rxe7 Nxe7 27. Qe2 Nd5 28. Qe6 Rc8 29. Ng4 1-0

[Event "Khanty-Mansiysk Governor Cup 14th"]
[Site "Khanty-Mansiysk"]
[Date "2018.11.17"]
[Round "1"]
[White "Iljiushenok, Ilia"]
[Black "Yangutov, Aleksey"]
[Result "1-0"]
[WhiteElo "2539"]
[BlackElo "2199"]
[PlyCount "43"]
[EventDate "2018.11.17"]
[EventType "swiss"]
[EventRounds "9"]
[EventCountry "RUS"]
[SourceTitle "CBM 187 Extra"]
[Source "ChessBase"]
[SourceDate "2018.11.04"]
[SourceVersion "1"]
[SourceVersionDate "2018.11.04"]
[SourceQuality "1"]

1. e4 c5 2. Nc3 Nc6 3. Bb5 g6 4. Bxc6 dxc6 5. d3 Bg7 6. Be3 b6 7. Qd2 Nf6 8. Bh6 0-0 9. Bxg7 Kxg7 10. f4 Qc7 11. Nf3 Nh5 12. f5 Qf4 13. Qe2 gxf5 14. 0-0 fxe4 15. Nxe4 Bg4 16. Qe1 f6 17. d4 Bxf3 18. Rxf3 Qg4 19. Nf2 Qd7 20. g4 cxd4 21. Rf5 Ng3 22. hxg3 1-0

[Event "Nezhmetdinov Memorial 40th"]
[Site "Kazan"]
[Date "2018.09.14"]
[Round "2"]
[White "Yangutov, Aleksey"]
[Black "Yakimova, Mariya"]
[Result "1-0"]
[WhiteElo "2159"]
[BlackElo "1882"]
[PlyCount "77"]
[EventDate "2018.09.13"]
[EventType "swiss"]
[EventRounds "9"]
[EventCountry "RUS"]
[SourceTitle "CBM 186 Extra"]
[Source "ChessBase"]
[SourceDate "2018.08.24"]
[SourceVersion "1"]
[SourceVersionDate "2018.08.24"]
[SourceQuality "1"]

1. d4 f5 2. Bf4 Nf6 3. Nf3 e6 4. e3 b6 5. Bd3 Bb7 6. 0-0 Be7 7. Nbd2 0-0 8. h3 Ne4 9. c4 d6 10. Qc2 Nxd2 11. Nxd2 Nd7 12. Bh2 Bf6 13. Nb3 a5 14. a4 g6 15. e4 fxe4 16. Bxe4 Bxe4 17. Qxe4 e5 18. c5 exd4 19. cxd6 c5 20. Qd5+ Rf7 21. Rae1 Qf8 22. Nd2 Re8 23. Nc4 Rxe1 24. Rxe1 d3 25. Be5 Kh8 26. Qxd3 Bxe5 27. Nxe5 Nxe5 28. Rxe5 Rd7 29. Re6 Qf4 30. g3 Qc1+ 31. Kg2 Qg5 32. Qc3+ Kg8 33. Re8+ Kf7 34. Qh8 Qd5+ 35. Kh2 Qxd6 36. Re4 Rd8 37. Rf4+ Ke6 38. Rf6+ Ke5 39. Rf8+ 1-0

[Event "Nezhmetdinov Memorial 40th"]
[Site "Kazan"]
[Date "2018.09.13"]
[Round "1"]
[White "Rozum, Ivan"]
[Black "Yangutov, Aleksey"]
[Result "1-0"]
[WhiteElo "2576"]
[BlackElo "2159"]
[PlyCount "39"]
[EventDate "2018.09.13"]
[EventType "swiss"]
[EventRounds "9"]
[EventCountry "RUS"]
[SourceTitle "CBM 186 Extra"]
[Source "ChessBase"]
[SourceDate "2018.08.24"]
[SourceVersion "1"]
[SourceVersionDate "2018.08.24"]
[SourceQuality "1"]

1. c4 Nf6 2. Nc3 e6 3. Nf3 c5 4. g3 b6 5. Bg2 Bb7 6. 0-0 Be7 7. Re1 0-0 8. e4 d6 9. d4 cxd4 10. Nxd4 Qc8 11. Be3 Na6 12. f4 Qxc4 13. e5 Nd5 14. Nxd5 exd5 15. Nf5 Rfe8 16. Rc1 Qxa2 17. exd6 Bf6 18. d7 Red8 19. Bd4 Bxd4+ 20. Qxd4 1-0

[Event "St Petersburg Korchnoi Memorial op"]
[Site "St Petersburg"]
[Date "2018.08.21"]
[Round "7"]
[White "Lvov, Nikita"]
[Black "Yangutov, Aleksey"]
[Result "0-1"]
[WhiteElo "1916"]
[BlackElo "2097"]
[PlyCount "52"]
[EventDate "2018.08.15"]
[EventType "swiss"]
[EventRounds "9"]
[EventCountry "RUS"]
[SourceTitle "CBM 186 Extra"]
[Source "ChessBase"]
[SourceDate "2018.08.24"]
[SourceVersion "1"]
[SourceVersionDate "2018.08.24"]
[SourceQuality "1"]

1. d4 Nf6 2. c4 e6 3. Nc3 c5 4. d5 d6 5. Nf3 e5 6. e4 Be7 7. h3 0-0 8. Bd3 Ne8 9. 0-0 g6 10. Bh6 Ng7 11. Nd2 Bg5 12. Bxg5 Qxg5 13. f4 exf4 14. Qf3 Nh5 15. Ne2 Nd7 16. Bc2 Ne5 17. Qc3 f5 18. Nf3 Nxf3+ 19. Rxf3 fxe4 20. Bxe4 Re8 21. Bd3 Re3 22. Rxe3 fxe3 23. Kh2 Bxh3 24. Kxh3 Rf8 25. g3 Rf2 26. Rg1 Nf6 0-1

[Event "St Petersburg Korchnoi Memorial op"]
[Site "St Petersburg"]
[Date "2018.08.16"]
[Round "2"]
[White "Yangutov, Aleksey"]
[Black "Karpenko, Artem"]
[Result "1/2-1/2"]
[WhiteElo "2097"]
[BlackElo "2370"]
[PlyCount "83"]
[EventDate "2018.08.15"]
[EventType "swiss"]
[EventRounds "9"]
[EventCountry "RUS"]
[SourceTitle "CBM 186 Extra"]
[Source "ChessBase"]
[SourceDate "2018.08.24"]
[SourceVersion "1"]
[SourceVersionDate "2018.08.24"]
[SourceQuality "1"]

1. d4 Nf6 2. c4 e6 3. g3 c5 4. d5 exd5 5. cxd5 b5 6. e4 Nxe4 7. Bg2 Nd6 8. Nf3 Qe7+ 9. Be3 Nc4 10. 0-0 Nxe3 11. fxe3 d6 12. e4 g6 13. e5 Bg7 14. exd6 Qe3+ 15. Kh1 0-0 16. Nc3 a6 17. a4 b4 18. Re1 Qh6 19. Ne4 Nd7 20. Qc2 Bb7 21. Rad1 Rac8 22. a5 Rfe8 23. Nfg5 f5 24. Qa4 Red8 25. Nf2 Qxg5 26. Re7 Ne5 27. Rxb7 Rxd6 28. Nh3 Qf6 29. Nf4 Ng4 30. Rd2 Bh6 31. h3 Bxf4 32. gxf4 Ne3 33. Re2 Nxg2 34. Kxg2 Rf8 35. Qc2 Qd4 36. Ree7 Rfd8 37. Qxc5 Qxc5 38. Rg7+ Kf8 39. Rbf7+ Ke8 40. Re7+ Kf8 41. Ref7+ Ke8 42. Re7+ 1/2-1/2

[Event "St Petersburg Korchnoi Memorial op"]
[Site "St Petersburg"]
[Date "2018.08.15"]
[Round "1"]
[White "Paravyan, David"]
[Black "Yangutov, Aleksey"]
[Result "0-1"]
[WhiteElo "2630"]
[BlackElo "2097"]
[PlyCount "120"]
[EventDate "2018.08.15"]
[EventType "swiss"]
[EventRounds "9"]
[EventCountry "RUS"]
[SourceTitle "CBM 186 Extra"]
[Source "ChessBase"]
[SourceDate "2018.08.24"]
[SourceVersion "1"]
[SourceVersionDate "2018.08.24"]
[SourceQuality "1"]

1. Nf3 Nf6 2. c4 e6 3. Nc3 c5 4. g3 b6 5. Bg2 Bb7 6. 0-0 Be7 7. d4 cxd4 8. Qxd4 0-0 9. Bg5 d6 10. Rad1 Nbd7 11. Nb5 d5 12. cxd5 Bxd5 13. Nc3 Bc6 14. e4 h6 15. Bf4 Bc5 16. Qd2 Qe7 17. a3 a5 18. Rfe1 e5 19. Be3 Rad8 20. Nh4 Ng4 21. Nf5 Qe6 22. Bxc5 Nxc5 23. Qxd8 Rxd8 24. Rxd8+ Kh7 25. h3 Nf6 26. Rd6 Qe8 27. b4 Nb7 28. Rdd1 Qf8 29. Nd5 axb4 30. axb4 Ba4 31. Nxf6+ gxf6 32. Ra1 Qxb4 33. Reb1 Bb3 34. Ra7 Nd6 35. Rc7 Nxf5 36. exf5 Qd4 37. Rb7 Qd3 38. Rc1 b5 39. g4 Bc4 40. Rc7 h5 41. Re1 Qd2 42. Re3 Kh6 43. Rc8 Qd7 44. Rc6 hxg4 45. Rg3 Qxf5 46. Rxg4 Qb1+ 47. Kh2 Be6 48. Rg3 Qb2 49. Rf3 e4 50. Re3 f5 51. Kg1 b4 52. Rb6 Kg7 53. Bf1 b3 54. Rg3+ Kf8 55. Rb8+ Ke7 56. Rb7+ Kf6 57. Rb6 Ke5 58. Rb5+ Kf4 59. h4 Qc1 60. Rbxb3 Bc4 0-1

[Event "Voronezh op-A 22nd"]
[Site "Voronezh"]
[Date "2018.06.13"]
[Round "2"]
[White "Sindarov, Javokhir"]
[Black "Yangutov, Aleksey"]
[Result "1-0"]
[WhiteElo "2449"]
[BlackElo "1975"]
[PlyCount "43"]
[EventDate "2018.06.12"]
[EventType "swiss"]
[EventRounds "9"]
[EventCountry "RUS"]
[SourceTitle "CBM 185 Extra"]
[Source "ChessBase"]
[SourceDate "2018.07.29"]
[SourceVersion "1"]
[SourceVersionDate "2018.07.29"]
[SourceQuality "1"]

1. e4 c5 2. Nf3 Nc6 3. Nc3 Nf6 4. Bb5 Nd4 5. e5 Nxb5 6. Nxb5 Nd5 7. 0-0 g6 8. d4 Nc7 9. Nxc7+ Qxc7 10. d5 d6 11. Bf4 Bg7 12. exd6 exd6 13. Re1+ Kf8 14. Nd2 Bf5 15. Nc4 Kg8 16. Bxd6 Qc8 17. a4 Bf6 18. Be7 Bxe7 19. Rxe7 Rb8 20. Qd2 Qd8 21. Rae1 b6 22. Qc3 1-0

[Event "Voronezh op-A 22nd"]
[Site "Voronezh"]
[Date "2018.06.12"]
[Round "1"]
[White "Yangutov, Aleksey"]
[Black "Apryshko, Gleb"]
[Result "1-0"]
[WhiteElo "1975"]
[BlackElo "2366"]
[PlyCount "67"]
[EventDate "2018.06.12"]
[EventType "swiss"]
[EventRounds "9"]
[EventCountry "RUS"]
[SourceTitle "CBM 185 Extra"]
[Source "ChessBase"]
[SourceDate "2018.07.29"]
[SourceVersion "1"]
[SourceVersionDate "2018.07.29"]
[SourceQuality "1"]

1. d4 g6 2. c4 Bg7 3. Nf3 d6 4. Nc3 Nd7 5. e4 e6 6. Be2 Ne7 7. 0-0 h6 8. Be3 f5 9. Qd2 fxe4 10. Nxe4 Nf5 11. Bf4 0-0 12. g4 e5 13. dxe5 dxe5 14. Qd5+ Kh8 15. Bxe5 Nxe5 16. Nxe5 Qe8 17. gxf5 Bxe5 18. fxg6 c6 19. Qd2 Qxg6+ 20. Ng3 Bh3 21. Rfd1 Rxf2 22. Kxf2 Rf8+ 23. Bf3 Bg4 24. Qd8 Qf7 25. Qxf8+ Qxf8 26. Rd3 Bh3 27. Rad1 Qc5+ 28. Ke2 Qxc4 29. b3 Qa6 30. Kf2 Qxa2+ 31. R1d2 Qa5 32. Nh5 Bf5 33. Rd8+ Kh7 34. R2d7+ 1-0

[Event "Moscow op-A 14th"]
[Site "Moscow"]
[Date "2018.02.04"]
[Round "9"]
[White "Kretov, Evgenij"]
[Black "Yangutov, Aleksey"]
[Result "1-0"]
[WhiteElo "2218"]
[BlackElo "2108"]
[PlyCount "57"]
[EventDate "2018.01.27"]
[EventType "swiss"]
[EventRounds "9"]
[EventCountry "RUS"]
[SourceTitle "CBM 182 Extra"]
[Source "ChessBase"]
[SourceDate "2018.02.23"]
[SourceVersion "1"]
[SourceVersionDate "2018.02.23"]
[SourceQuality "1"]

1. d4 Nf6 2. c4 e6 3. Nc3 b6 4. e4 d6 5. Bd3 e5 6. d5 Be7 7. h3 0-0 8. Be3 a5 9. Nge2 Na6 10. Qd2 Bd7 11. g4 Nc5 12. Bc2 c6 13. dxc6 Bxc6 14. Ng3 a4 15. f3 Ne8 16. 0-0-0 g6 17. h4 Ne6 18. Nd5 Bxd5 19. exd5 Nd4 20. Bxd4 exd4 21. g5 Nc7 22. f4 f5 23. h5 Rf7 24. hxg6 hxg6 25. Qh2 Rg7 26. Nxf5 gxf5 27. Qh8+ Kf7 28. g6+ Kxg6 29. Qh5+ 1-0

[Event "Moscow op-A 14th"]
[Site "Moscow"]
[Date "2018.01.27"]
[Round "1"]
[White "Yangutov, Aleksey"]
[Black "Schekachikhin, Maksim"]
[Result "0-1"]
[WhiteElo "2108"]
[BlackElo "2371"]
[PlyCount "76"]
[EventDate "2018.01.27"]
[EventType "swiss"]
[EventRounds "9"]
[EventCountry "RUS"]
[SourceTitle "CBM 182 Extra"]
[Source "ChessBase"]
[SourceDate "2018.02.23"]
[SourceVersion "1"]
[SourceVersionDate "2018.02.23"]
[SourceQuality "1"]

1. d4 Nf6 2. c4 e6 3. g3 d5 4. Nf3 dxc4 5. Bg2 Bb4+ 6. Bd2 a5 7. 0-0 0-0 8. a3 Bxd2 9. Nbxd2 b5 10. a4 c6 11. e4 Nbd7 12. Qc2 Bb7 13. Rfd1 h6 14. b3 cxb3 15. Nxb3 Qb6 16. Nc5 Nxc5 17. dxc5 Qc7 18. Bf1 Rfd8 19. Nd2 Rd4 20. f3 Rad8 21. Nb3 Rxd1 22. Rxd1 bxa4 23. Nd4 a3 24. Qa4 a2 25. Rc1 Nd7 26. Nb3 Ne5 27. Be2 Nd3 28. Bxd3 Rxd3 29. Kg2 Qe5 30. Qxa2 Qf6 31. f4 a4 32. Na5 Qd4 33. Kh3 Ba6 34. Nxc6 Qxe4 35. Ne5 Qf5+ 36. Kg2 Re3 37. Qxa4 Re2+ 38. Kg1 Qh3 0-1

[Event "St Petersburg Summer op"]
[Site "St Petersburg"]
[Date "2017.08.22"]
[Round "7"]
[White "Yangutov, Aleksey"]
[Black "Svidinsky, Dmitry"]
[Result "1/2-1/2"]
[WhiteElo "1874"]
[BlackElo "2086"]
[PlyCount "123"]
[EventDate "2017.08.16"]
[EventType "swiss"]
[EventRounds "9"]
[EventCountry "RUS"]
[SourceTitle "CBM 180 Extra"]
[Source "ChessBase"]
[SourceDate "2017.10.06"]
[SourceVersion "1"]
[SourceVersionDate "2017.10.06"]
[SourceQuality "1"]

1. d4 Nf6 2. c4 e6 3. g3 d5 4. Nf3 Be7 5. Bg2 0-0 6. 0-0 dxc4 7. Ne5 Nc6 8. Bxc6 bxc6 9. Qa4 Qxd4 10. Nxc6 Qd7 11. Rd1 Bd6 12. Qxc4 Bb7 13. Ne5 Qc8 14. Nf3 Bd5 15. Qc2 Qb7 16. Nbd2 Rad8 17. b3 e5 18. Bb2 Rfe8 19. Nh4 Ne4 20. Nf5 Nxd2 21. Qxd2 Bh1 22. Ne3 Be4 23. Qc3 f6 24. Rac1 h6 25. f3 Bg6 26. Nd5 Bf7 27. e4 Bxd5 28. Rxd5 Qb6+ 29. Kg2 Ra8 30. Rcd1 a5 31. Bc1 a4 32. Qc4 Kh7 33. bxa4 Qa6 34. Qxa6 Rxa6 35. a5 Rb8 36. R1d3 Rb1 37. Bd2 Rb2 38. a3 Ra2 39. Kf2 Bxa3 40. Kf1 Ra1+ 41. Kg2 Ra2 42. Kh3 Rc6 43. Kg4 Kg6 44. f4 Bd6 45. f5+ Kf7 46. Kf3 Rc4 47. Rb3 Raa4 48. Be3 Ke7 49. Rb8 Rc3 50. Kf2 Rca3 51. Bc5 Bxc5+ 52. Rxc5 Rxa5 53. Rxc7+ Kd6 54. Rxg7 Ra2+ 55. Kf3 h5 56. Rb3 Rxh2 57. Rd3+ Kc6 58. Rf7 Raa2 59. Rxf6+ Kc7 60. Rf7+ Kc6 61. Rf6+ Kc7 62. Rb3 1/2-1/2

[Event "St Petersburg Summer op"]
[Site "St Petersburg"]
[Date "2017.08.20"]
[Round "5"]
[White "Yangutov, Aleksey"]
[Black "Baranov, Andrey"]
[Result "1-0"]
[WhiteElo "1874"]
[BlackElo "2098"]
[PlyCount "153"]
[EventDate "2017.08.16"]
[EventType "swiss"]
[EventRounds "9"]
[EventCountry "RUS"]
[SourceTitle "CBM 180 Extra"]
[Source "ChessBase"]
[SourceDate "2017.10.06"]
[SourceVersion "1"]
[SourceVersionDate "2017.10.06"]
[SourceQuality "1"]

1. d4 e6 2. c4 b6 3. Nf3 Bb7 4. g3 g6 5. Bg2 Bg7 6. 0-0 Ne7 7. Nc3 0-0 8. e4 d6 9. Bg5 h6 10. Be3 Nd7 11. Qd2 Kh7 12. Ne1 a6 13. f4 Qb8 14. Nc2 Qa7 15. d5 exd5 16. cxd5 Rae8 17. Rac1 Qa8 18. Nd4 b5 19. b3 Nc5 20. b4 Nd7 21. a4 Nb6 22. Bf2 bxa4 23. Qa2 Ng8 24. Nxa4 Nxa4 25. Qxa4 Nf6 26. Rxc7 Nxe4 27. Bxe4 Rxe4 28. Nc6 Rc8 29. Rxf7 Kg8 30. Rd7 Bxc6 31. dxc6 Qxc6 32. Qb3+ Rc4 33. Re7 d5 34. Rfe1 Rc1 35. Rxc1 Qxc1+ 36. Kg2 Qc4 37. Qb1 Rc6 38. f5 g5 39. Re8+ Kf7 40. Qe1 Bf6 41. Rb8 Qe4+ 42. Qxe4 dxe4 43. Rb7+ Kg8 44. Rb6 Rxb6 45. Bxb6 Bc3 46. Bc5 g4 47. Kf2 Bd2 48. Ke2 Bc1 49. Be3 Ba3 50. Bd2 Kf7 51. Ke3 Bb2 52. Kxe4 h5 53. Bf4 Ba3 54. Bd2 Bb2 55. Kd3 Be5 56. Bg5 Bd6 57. Kc4 Kg7 58. Bd8 Kf7 59. Bg5 Kg7 60. Bd8 Kf7 61. Kb3 Be5 62. Ka4 Bd6 63. Ka5 Ke8 64. Bf6 Kf7 65. Bg5 Kg7 66. Bh4 Kf7 67. Bg5 Kg7 68. Bd2 Kf6 69. Kxa6 Kxf5 70. b5 Bc5 71. b6 Bxb6 72. Kxb6 Ke4 73. Bg5 Kf3 74. Kc5 Kg2 75. Bh4 Kxh2 76. Kd4 Kg2 77. Ke4 1-0

[Event "Ulan-Ude Baikal op 13th"]
[Site "Ulan-Ude"]
[Date "2017.07.22"]
[Round "9"]
[White "Yangutov, Aleksey"]
[Black "Tsyrendashiev, Bato"]
[Result "1/2-1/2"]
[WhiteElo "1948"]
[BlackElo "1762"]
[PlyCount "54"]
[EventDate "2017.07.18"]
[EventType "swiss"]
[EventRounds "9"]
[EventCountry "RUS"]
[SourceTitle "EXT 2018"]
[Source "ChessBase"]
[SourceDate "2017.10.13"]
[SourceVersion "1"]
[SourceVersionDate "2017.10.13"]
[SourceQuality "1"]

1. d4 d5 2. c4 dxc4 3. e3 Nf6 4. Bxc4 c5 5. Nf3 e6 6. Nc3 a6 7. a4 Nc6 8. 0-0 Be7 9. d5 exd5 10. Nxd5 Nxd5 11. Bxd5 Qc7 12. b3 0-0 13. e4 Nb4 14. Bc4 Bd7 15. Qe2 Rfd8 16. Bg5 Bc6 17. Rfe1 h6 18. Bh4 Bxh4 19. Nxh4 Rd4 20. f3 Qf4 21. Nf5 Rd2 22. g3 Rxe2 23. gxf4 Rb2 24. Ne7+ Kf8 25. Nxc6 Nxc6 26. Rab1 Rxb1 27. Rxb1 Nb4 1/2-1/2

[Event "Ulan-Ude Baikal op 13th"]
[Site "Ulan-Ude"]
[Date "2017.07.21"]
[Round "6"]
[White "Gyrgenova, Ekaterina"]
[Black "Yangutov, Aleksey"]
[Result "1-0"]
[WhiteElo "1826"]
[BlackElo "1948"]
[PlyCount "55"]
[EventDate "2017.07.18"]
[EventType "swiss"]
[EventRounds "9"]
[EventCountry "RUS"]
[SourceTitle "EXT 2018"]
[Source "ChessBase"]
[SourceDate "2017.10.13"]
[SourceVersion "1"]
[SourceVersionDate "2017.10.13"]
[SourceQuality "1"]

1. d4 Nf6 2. c4 e6 3. Nf3 Bb4+ 4. Nbd2 0-0 5. Qc2 d6 6. a3 Bxd2+ 7. Bxd2 Nbd7 8. e4 e5 9. d5 a5 10. b3 Nc5 11. Bd3 Bg4 12. Ng1 Qd7 13. f3 Bh5 14. Ne2 a4 15. Nc1 axb3 16. Nxb3 Nxb3 17. Qxb3 Ra7 18. h4 Bg6 19. Bg5 h5 20. Bxf6 gxf6 21. Rg1 f5 22. exf5 Bxf5 23. g4 hxg4 24. Bxf5 Qxf5 25. Rxg4+ Kh8 26. Qe3 Rg8 27. Qh6+ Qh7 28. Qf6+ 1-0